History Quiz

Random History or Famous Quiz

Historical People A-Z III Quiz Stats

 Plays Quiz Updated Sep 28, 2016

Score 0/26 Timer 06:00
7 Plays Today
% Correct
Barack Obama
95.1%
Martin Luther King, Jr.
94.7%
Christopher Columbus
89.9%
Amelia Earhart
88.1%
Joan of Arc
85.8%
Socrates
83.8%
Vladimir Lenin
82.3%
John Adams
82.2%
Gregori Rasputin
78.5%
Mary, Queen of Scots
78.1%
Mark Twain
72.7%
Ivan the Terrible
71.4%
Boris Yeltsin
71%
% Correct
Hirohito
66.8%
Galileo Galilei
65.8%
Nefertiti
63.3%
Anne Boleyn
63.2%
Francisco Franco
58.2%
Frederick Douglass
56.9%
Saint Francis Xavier
47.4%
Pancho Villa
43.8%
Pocahontas
31.4%
Zoroaster
17.4%
Robert Walpole
11.1%
Qianlong Emperor
3%
Saskia van Uylenburgh
1.3%

You're not logged in!

Compare scores with friends on all Sporcle quizzes.
OR
Log In

You Might Also Like...

Show Comments

Extras

Top Quizzes Today


Score Distribution

Your Account Isn't Verified!

In order to create a playlist on Sporcle, you need to verify the email address you used during registration. Go to your Sporcle Settings to finish the process.

Report this User

Report this user for behavior that violates our Community Guidelines.

Details: